000
00309nam a2200121Ia 4500
005
20251222144718.0
008
251222s9999||||xx |||||||||||||| ||spa||
082
_a
278.41/S23
100
_a
Sánchez Carazo, Antonio
245
0
_a
Máximo y Compañeros Fulgencio
264
_b
Agustinos Recoletos
942
_c
LIB
999
_c
18116
_d
18116